Statistics for T Challenge - Random Questions

Click here to take the quiz!

General Stats

  • This quiz has been taken 19 times
  • The average score is 10 of 15

Answer Stats

HintAnswer% Correct
a locomotive that runs on tracksTrain
92%
What lies south of Kenya?Tanzania
92%
Biggest city in OntarioToronto
92%
Animal with orange and black stripesTiger
85%
Six + Twenty-Five =Thirty-One
77%
Capital is Nuku'alofaTonga
77%
an arachnid that is bigger than a spiderTarantula
77%
a group working together to get things doneTeam
69%
Pirates might call this 'booty'Treasure
69%
a certain kind of dogTerrier
62%
The capital of UzbekistanTashkent
62%
Another name for a bar or restaurantTavern
54%
a deep jut into the ocean floorTrench
54%
Another way of saying loggingTimber
31%
Least population prefecture in JapanTottori
8%

Score Distribution

Percentile by Number Answered

Percent of People with Each Score

Your Score History

You have not taken this quiz